| 000 | 01748nam a2200397 c 4500 | ||
|---|---|---|---|
| 003 | BLK | ||
| 005 | 20230406030519.0 | ||
| 008 | 180409b bul|||||r ||||||| ||bul|| | ||
| 010 | _aKNG00106444000 | ||
| 020 |
_a954-439-760-4 _bиздат.: Слово |
||
| 040 | _aBLK | ||
| 041 |
_aBUL _cBUL |
||
| 080 |
_aБългарска литература _b821.163.2 _x.09(092) _z821.163.2.09(092) |
||
| 080 |
_aБиографии _b929 _x(497.2) _z929(497.2) |
||
| 100 | 1 |
_aГеоргиев, Никола Георгиев _eпърви автор _9365493 |
|
| 700 | 1 |
_aРадев, Иван _eсъстав. _gКръстев, Иван Радев _9363297 |
|
| 139 |
_aГеоргиев, Никола Георгиев _bГ 37 |
||
| 245 | 1 | 0 |
_aПочит и прочити _bЛитературознание на неограничените възможности _cНикола Георгиев Георгиев; състав. Иван Радев. |
| 257 | _aBGR | ||
| 260 |
_аВ. Търново _bСлово _c2003 _fВ. Търново : Абагар |
||
| 300 |
_a560 с. _c20 см |
||
| 380 | _a82 | ||
| 490 | 1 | _aНова българска библиотека | |
| 490 | 1 |
_3Подсерия _aКритика и есеистика |
|
| 650 | 4 |
_aБългарска литература - критика _9241969 |
|
| 650 | 4 |
_aПисатели, български - творчество _9250544 |
|
| 650 | 4 |
_aПоети, български - творчество _9250545 |
|
| 653 | _aбългарска литература | ||
| 653 | _aбългарски писатели | ||
| 653 | _aбългарски поети | ||
| 852 | _aЦб 215020 | ||
| 856 | 4 |
_qpdf _u |
|
| 856 | 4 |
_qpdf _u |
|
| 942 |
_cKNG _n0 _02 |
||
| 944 |
_aCR _c01.01.2003 _kГеновева_Генчева |
||
| 944 |
_aED _c09.10.2007 _k |
||
| 999 |
_c101399 _d101399 |
||